000 01177nam a22003377a 4500
003 CHAP
005 20220329134113.0
008 971013s1974 r 00010 d
010 _a15425
011 _a16397
035 _a20476
040 _cCHAP
082 _a621.38153
_bG7Y
100 0 0 _aGronner, Alfred D.
_950786
245 _aAnálisis de circuitos transistorizados
260 _aBogotá :
_bFondo Educativo Interamericano,
_c1974
300 _a244 p
490 _aColección Fondo. Teoría y problemas con solución
_v; 2578
590 _aBATCH-UPD
_b10
_c20130110
_lUCH01
_h0123
590 _aBATCH-UPD
_b10
_c20130110
_lUCH01
_h2230
590 _aBATCH-UPD
_b10
_c20130410
_lUCH01
_h1525
590 _aBATCH-UPD
_b10
_c20130914
_lUCH01
_h0940
590 _aCONVERSION
_b10
_c20130109
_lUCH01
_h1310
650 1 4 _aCircuitos transistorizados.
_923360
650 1 4 _aTransistores.
_9114628
830 0 _aColección Fondo. Teoría y problemas con solución
_v; 2578
_924864
901 _aBK
942 _cLIBRO
949 _a621.38153 G7Y
_bBC
_cLIBRO
_d-47786
_eLIBRO
_h35569
_i20476
_mD
_si
949 _a621.38153 G7Y
_bBC
_cLIBRO
_d33724000016275
_eLIBRO
_fc.2
_h35570
_i20476
_mD
_si
999 _c15425
_d15425